Передвижная бетатронная лаборатория; Известия Томского политехнического института [Известия ТПИ]; Т. 248 : Дефектоскопия
| Parent link: | Известия Томского политехнического института [Известия ТПИ]/ Томский политехнический институт (ТПИ).— , 1944-1976 Т. 248 : Дефектоскопия.— 1975.— [С. 43-46] |
|---|---|
| Andre forfattere: | , , , , |
| Summary: | Заглавие с титульного листа Электронная версия печатной публикации |
| Sprog: | russisk |
| Udgivet: |
1975
|
| Fag: | |
| Online adgang: | Черно-белая версия для предварительного просмотра Цветная версия без потери качества |
| Format: | MixedMaterials Electronisk Book Chapter |
| KOHA link: | https://koha.lib.tpu.ru/cgi-bin/koha/opac-detail.pl?biblionumber=229517 |
MARC
| LEADER | 00000nla2a2200000 4500 | ||
|---|---|---|---|
| 001 | 229517 | ||
| 005 | 20231031202403.0 | ||
| 035 | |a (RuTPU)RU\TPU\book\250136 | ||
| 035 | |a RU\TPU\book\250135 | ||
| 090 | |a 229517 | ||
| 100 | |a 20130114d1975 k y0rusy50 ca | ||
| 101 | 0 | |a rus | |
| 102 | |a RU | ||
| 135 | |a drnn ---uucaa | ||
| 181 | 0 | |a i | |
| 182 | 0 | |a b | |
| 200 | 1 | |a Передвижная бетатронная лаборатория |b Электронный ресурс |f В. А. Воробьев [и др.] | |
| 203 | |a Текст |c электронный | ||
| 215 | |a 2 файла (226 Кб, 5.5 Мб) | ||
| 230 | |a Электронные текстовые данные (2 файла : 226 Кб, 5.5 Мб) | ||
| 300 | |a Заглавие с титульного листа | ||
| 300 | |a Электронная версия печатной публикации | ||
| 320 | |a [Библиогр.: с. 46 (2 назв.)] | ||
| 337 | |a Adobe Reader | ||
| 461 | 1 | |0 (RuTPU)RU\TPU\book\200995 |t Известия Томского политехнического института [Известия ТПИ] |f Томский политехнический институт (ТПИ) |d 1944-1976 | |
| 463 | 1 | |0 (RuTPU)RU\TPU\book\250099 |t Т. 248 : Дефектоскопия |v [С. 43-46] |d 1975 |p 80 с. | |
| 610 | 1 | |a электронный ресурс | |
| 610 | 1 | |a труды учёных ТПУ | |
| 701 | 1 | |a Воробьев |b В. А. |c физик |c выпускник ФТФ ТПИ |c сын ректора ТПИ А. А. Воробьева |f 1936- |g Владимир Александрович |2 stltpush |3 (RuTPU)RU\TPU\pers\29256 | |
| 701 | 1 | |a Гавкалов |b Ю. Д. | |
| 701 | 1 | |a Куницын |b Г. А. | |
| 701 | 1 | |a Шумихин |b В. Ф. |c специалист в области неразрушающего контроля |c директор Аттестационного регионального центра по подготовке и аттестации специалистов неразрушающего контроля Томского политехнического университета |g Вячеслав Федорович |2 stltpush |3 (RuTPU)RU\TPU\pers\28677 | |
| 701 | 1 | |a Ярославцев |b В. Д. | |
| 801 | 1 | |a RU |b 63413507 |c 20090320 |g PSBO | |
| 801 | 2 | |a RU |b 63413507 |c 20130408 |g PSBO | |
| 856 | 4 | |u http://www.lib.tpu.ru/fulltext/v/Bulletin_TPU/1975/v248/11_bw.pdf |z Черно-белая версия для предварительного просмотра | |
| 856 | 4 | |u http://www.lib.tpu.ru/fulltext/v/Bulletin_TPU/1975/v248/11_full.pdf |z Цветная версия без потери качества | |
| 942 | |c CF | ||